LEADER 01289cam0 22002891 450 001 SOBE00022490 005 20150528145854.0 100 $a20120215d1991 |||||ita|0103 ba 101 $aita 102 $aIT 200 1 $aLuigi Pietrobono e Giovanni Fallani titolari della cattedra dantesca della Fondazione E. Besso$ecommemorazione tenuta il 23 aprile 1991$fda Italo Borzi, Luigi Quattrocchi e Aldo Vallone 210 $aRoma$c[s.n.]$d1991$eRoma$gArti grafiche Pedanesi 215 $a45 p.$d24 cm 225 2 $aQuaderni delle fondazioni Marco ed Ernesta Besso$v4 410 1$1001LAEC00020995$12001 $a*Quaderni delle fondazioni Marco ed Ernesta Besso$v4 700 1$aBorzi$b, Italo$3A600200026123$4070$0469000 701 1$aQuattrocchi, Luigi$3A600200040152$4070$0159489 701 1$aVallone, Aldo$3AF00024540$4070$0319914 801 0$aIT$bUNISOB$c20150528$gRICA 850 $aUNISOB 852 $aUNISOB$j850.1|Opusc$m117103 912 $aSOBE00022490 940 $aM 102 Monografia moderna SBN 941 $aM 957 $a850.1|Opusc$b000392$gSI$d117103$hEsposito$rdono$1catenacci$2UNISOB$3UNISOB$420120215104255.0$520150528145854.0$6catenacci 996 $aLuigi Pietrobono e Giovanni Fallani titolari della cattedra dantesca della Fondazione E. Besso$91719034 997 $aUNISOB